| 000 | 00772naa a2200193 4500 | ||
|---|---|---|---|
| 005 | 2011033109499.0 | ||
| 010 | _aG-001531 | ||
| 020 |
_c190.00 _a8172746547 |
||
| 035 | _aG-001531 | ||
| 037 | _bgift | ||
| 082 | _a336.240954 | ||
| 245 | _aNabhi's income tax guidelines and mini ready reckoner alongwith wealth tax 2008-09, 2009-10 / | ||
| 250 | _a37th rev. ed | ||
| 260 |
_aNew Delhi _bNabhi Publications _c2008(repr.). |
||
| 270 |
_aP.O. Box No. 37, _bNew Delhi _e110001 |
||
| 300 |
_aliii, 550p. _c23cm(pbk) |
||
| 942 |
_adpl _cEN _2ddc _mNAB _h336.240954 |
||
| 999 |
_c57009 _d57009 |
||